MDQL
is popping MORE tags! Check the
thread
!
Quizzes
Events
Quiz Creation
Community
Videos
Private Events
Remove Ads
Sign In
Join for FREE
Feedback
Dark Mode
Quiz Categories
Sports
Geography
Music
Movies
Television
Just For Fun
Miscellaneous
History
Literature
Language
Science
Gaming
Entertainment
Religion
Holiday
For Kids
Quiz Lab
Recent
Popular Today
Quiz Kudos Today
Editor Picks
Curator Picks
Quizzes by...
Day
Popularity
Type
Ratings
Length
Year
Community
Subscriptions
Recent Discussions
Orange Saloon
Badges
Playlists
Quests
Create
Leaderboards
Showdown
Live 5
Trivia Bingo
Activity
Puzzle Library
Sporcle Events
Private Events
Virtual Trivia
Globe League
Become a Host
Pub Owners
SporcleCon
Opinionation
Our Games
Videos
Blog
Mobile Apps
Partnerships
Remove Ads and Go Orange
Feedback
Music
Pop Music
The Beatles
Song
Album
Lyrics
Bands
Singers
Artist
Clip
Rock
Rap
Classical
Billboard
Country Music
Kpop
Taylor Swift
Music
Pop Music
The Beatles
Song
Album
Lyrics
Bands
Singers
Artist
Clip
Rock
Rap
Classical
Billboard
Country Music
Kpop
Taylor Swift
Random Quiz
Search Sporcle
×
Quiz Lab
Quiz Lab
Music
Song
Type in answers that appear in a list
Type in answers that appear in a list
Classic
Best Score? Go Orange.
Guess The One Direction Song Stats
Can you name the The One Direction Song?
By
loveforever1711
7m
18 Questions
4,606 Plays
4,606 Plays
4,606 Plays
Comments
Comments
Give Quiz Kudos
Give Quiz Kudos
-
- Ratings
hide this ad
Replay
Link that replays current quiz
Next Quiz
Link to next quiz in quiz playlist
You Got
0%
They Got
Avg Score
70%
Avg Friend Score
Upgrade to see
Score Distribution
Jump to the score distribution portion of the page
Score
0/18
Timer
07:00
0
Plays Today
Lyrics
Song
% Correct
So c-
come on you got it wrong
What Makes You Beautiful
94.7%
Get out get out get out of my head
One Thing
83.6%
Give you this, give you that, blow a kiss take it back
I Want
83%
Girl I see it in your eyes, you're dissappointed
Gotta Be You
80%
As I walk up to your door, my head turns to face the floor
More Than This
78.2%
Close the door, throw the key, dont wanna be reminded dont wanna be seen
Moments
76.6%
It feels we've been living in fast forward
Up All Night
76.4%
Who do you think you are, who do you think I am?
Taken
73.5%
Yes I like the way you smile with your eyes, other guys see it, but don't realise that it's m-
my lovin'
Everything About You
68.3%
Lyrics
Song
% Correct
And we take, take, take it for granted that we'll be the same
Same Mistakes
67.3%
I watch your eyes, and I'm in riddles
I Wish
67.1%
Under the lights tonight turn around
Stole My Heart
65.2%
Will I put up a good fight, but your words cut like knives
Tell Me A Lie
64.7%
I say it's over one day, then I'm crawling back begging you to stay
Na Na Na
64%
All that you want's under your nose, you should open your eyes, but they stay closed
Save You Tonight
62.8%
I know your heart's been broken, but don't you give up
Stand Up
61.8%
It's not me it's not you there's a reason, im just trying to read the signals im recievin'
Another World
60.5%
I keep playing inside my head all that you've said to me
I Should've Kissed You
46.3%
Quiz Playlist
Details
Report
Send in Message
Add To Playlist
Classic:
Type in answers that appear in a list
Last Updated: Feb 16, 2017
Quiz Scoreboard
CHALLENGE
Sign Up to Join the Scoreboard
Show All
Scores
Hide
Comments
May contain spoilers
Recently Published
5x2 Blitz: Bands
by SL_Kpop136
Music
30s
Colored Red Africa Blitz
by spor1
Geography
30s
Find the 'City' Movie
by crazypaving
Movies
60s
More to Explore
Quiz From the Vault
Featured Blog Post
14 Easter Pick-up Lines to Find Eggs With
hide this ad
You Might Also Like...
Tags
Song Quiz
direction
One Direction
Today's Top Quizzes in Music
Browse Music
hide this ad
Today's Top Quizzes in Song
Browse Song
Top Contributed Quizzes in Music
1
5X2 Blitz: Bands II
2
Taylor Swift Logic Puzzle II
3
Taylor Swift All Songs (2024)
4
5X2 Blitz: The Beatles
5
5X2 Blitz: Billboard
6
5X2 Blitz: Singers
7
5X2 Blitz: Album
8
5X2 Blitz: Rock
9
Music Artist by Three 2010s hits
10
5X2 Blitz: Billboard II
Explore More
Trending Topics
Crossword
Kpop
NBA
Harry Potter
Disney
Marvel
Anime
The Office
NFL
Pokémon
Country
Song
WWE
Soccer
Puzzle
hide this ad
More By:
loveforever1711
Quiz
Plays
Rating
Category
Featured
Created
Guess The One Direction Song
4,606
3.00
Music
May 29, 2012
27 Club Artists
47
1.50
Music
Nov 4, 2011
Go to Creator's Profile
Score Distribution
Quiz Creator Spotlight
loveforever1711
Follow
Send a Message
Quizzes Created
-
Created Quiz Play Count
-
More By This Creator
Popular Quizzes Today
1
Find the 'City' Movie
2
5x2 Blitz: Bands
3
Colored Red Africa Blitz
4
Find the US States - No Outlines Minefield
5
The Countries of the World
6
Find the US States
7
9x9 Crossword: Cartoon Network
8
US States
More Music Quizzes
What do these Kpop Group Names stand for?
Quiz Lab
Trending Quizzes
Colored Red Europe Blitz I
Colored Red Africa Blitz II
Colored Red Europe Blitz III
Colored Red Europe Blitz II
Colored Red Africa Blitz III
Recently Updated
Champions League XIs: Real Madrid
pecheneg
Largest US Cities 1790-2010
pecheneg
Rides in Walt Disney World
pecheneg
Most Oscar Losses (Acting)
pecheneg
Beyoncé Albums
pecheneg
Leaping Animals
pecheneg
Reality TV Shows (A-Z)
bhenderson79
Rickey Henderson's Hall of Fame Teammates
pecheneg
Champions League XIs: Arsenal
pecheneg
Quick Pick: Celebrities in WWE's Hall of Fame
aduchscher
Trending Topics
Crossword
NBA
Marvel
Harry Potter
Anime
Disney
Kpop
NFL
Pokémon
WWE
The Office
Song
Puzzle
Country
Soccer
Your Account Isn't Verified!
In order to create a playlist on Sporcle, you need to verify the email address you used during registration. Go to your
Sporcle Settings
to finish the process.
Report this User
Report this user for behavior that violates our
Community Guidelines
.
Details:
Send Report
Go to the Sporcle.com Mobile Site →
Comments